000 01679cam a2200373 a 4500
001 8238849
003 ARRUPE
005 20160315113849.0
008 100608s2010 miu b 001 0 eng
010 _a 2010023576
020 _a9781587432279 (pbk.)
020 _a1587432277 (pbk.)
024 _a99940305005
035 _a(OCoLC)ocn555629714
035 _a(NNC)8238849
040 _aDLC
_cDLC
_dBTCTA
_dYDXCP
_dXBE
_dN#Z
_dC#P
050 0 0 _aBR100
_b.M49 2010
082 0 0 _a261.5/1
_222
100 1 _aMilbank, John.
_912793
245 1 0 _aPaul's new moment :
_bcontinental philosophy and the future of Christian theology /
_cJohn Milbank, Slavoj Žižek, Creston Davis ; with Catherine Pickstock.
260 _aGrand Rapids, Mich. :
_bBrazos,
_cc2010.
300 _aix, 244 p. ;
_c23 cm.
504 _aIncludes bibliographical references and indexes.
505 0 _aOn Paul. Paul against biopolitics / John Milbank -- Paul and the truth event / Slavoj Žižek -- Paul and subtraction / Creston Davis -- On the liturgy. Liturgy and the senses / Catherine Pickstock -- Subtractive liturgy / Creston Davis -- A meditation of Michelangelo's Christ on the Cross / Slavoj Žižek -- On mediation and apocalypse. Thinking backward: predestination and apocalypse / Slavoj Žižek -- The return of mediation / John Milbank.
650 0 _aChristianity
_xPhilosophy.
_922892
650 0 _aPhilosophy and religion.
_922893
650 0 _aContinental philosophy.
_922894
650 0 _aPhilosophical theology.
_922895
700 1 _aŽižek, Slavoj.
_922896
700 1 _aDavis, Creston.
_922897
942 _2lcc
_cMONOGRAPH
948 1 _a20110105
_bc
_crad1
_dMPS
999 _c124361
_d124361